[Event "Ruhrgebiet Verbandsbezirksliga Gr 1"]
[Site "Ruhrgebiet"]
[Date "2019.04.07"]
[Round "8.3"]
[White "Burosch, Raimund"]
[Black "Richter, Marc"]
[Result "0-1"]
[WhiteElo "1383"]
[BlackElo "1665"]
[PlyCount "94"]
[EventDate "2018.09.30"]
[EventType "team-tourn"]
[EventRounds "9"]
[EventCountry "GER"]
[SourceTitle "EXT 2022"]
[Source "ChessBase"]
[SourceDate "2021.10.06"]
[SourceVersion "1"]
[SourceVersionDate "2021.10.06"]
[SourceQuality "1"]
[WhiteTeam "Unna SV II"]
[BlackTeam "Luenen Horstmar SC"]
[WhiteTeamCountry "GER"]
[BlackTeamCountry "GER"]

1. Nf3 d5 2. d3 Nf6 3. g3 c6 4. Bg2 g6 5. Nbd2 Bg7 6. 0-0 0-0 7. e4 dxe4 8. dxe4 Qc7 9. Re1 Ng4 10. Qe2 b6 11. h3 Ba6 12. c4 Ne5 13. Nxe5 Bxe5 14. f4 Bd4+ 15. Kh2 Bg7 16. e5 Nd7 17. e6 Nc5 18. exf7+ Rxf7 19. Nf3 Bf6 20. Rb1 Rd8 21. b3 Bc8 22. Ne5 Bxe5 23. fxe5 Bf5 24. Ra1 Be6 25. Bf4 Nd3 26. Rf1 Nxf4 27. gxf4 Rd4 28. Qe3 Rd7 29. Rad1 Rf8 30. Rxd7 Qxd7 31. Rf2 Rd8 32. Be4 c5 33. Qg3 Bf5 34. Bd5+ e6 35. Bg2 Qd4 36. Qg5 Rd7 37. Qg3 Qd1 38. Bf3 Qe1 39. Qg2 Rd3 40. Re2 Qc1 41. Qg3 Qf1 42. Rf2 Qe1 43. Qg2 Qe3 44. Bg4 Be4 45. Bxe6+ Kg7 46. Qg1 Rd1 47. Rf1 Rd2+ 0-1

[Event "Ruhrgebiet Bezirksliga 16/17"]
[Site "Ruhrgebiet"]
[Date "2016.11.13"]
[Round "4.2"]
[White "Richter, Marc"]
[Black "Roeller, Bernhard"]
[Result "0-1"]
[WhiteElo "1465"]
[BlackElo "1796"]
[PlyCount "68"]
[EventDate "2016.08.28"]
[EventType "team-tourn"]
[EventRounds "11"]
[EventCountry "GER"]
[SourceTitle "EXT 2022"]
[Source "ChessBase"]
[SourceDate "2021.10.06"]
[SourceVersion "1"]
[SourceVersionDate "2021.10.06"]
[SourceQuality "1"]
[WhiteTeam "Luenen Horstmar SC II"]
[BlackTeam "Hamm SG Caissa"]
[WhiteTeamCountry "GER"]
[BlackTeamCountry "GER"]

1. c4 c5 2. Nc3 Nc6 3. e4 e6 4. g3 Nf6 5. Bg2 Be7 6. Nge2 d6 7. d3 a6 8. a3 Rb8 9. 0-0 Qc7 10. h3 b5 11. b3 Bd7 12. Be3 Qc8 13. Kh2 Ne5 14. f4 Neg4+ 15. hxg4 Nxg4+ 16. Kg1 Nxe3 17. Qd2 Nxf1 18. Rxf1 bxc4 19. bxc4 Qd8 20. e5 Qc7 21. exd6 Bxd6 22. Ne4 Be7 23. g4 f5 24. gxf5 exf5 25. N4c3 0-0 26. Nd5 Qd6 27. Qe3 Bf6 28. Nxf6+ Rxf6 29. Bd5+ Kh8 30. Re1 Re8 31. Qf2 Rg6+ 32. Ng3 Rxe1+ 33. Qxe1 Qxf4 34. Kh2 Qh4+ 0-1

[Event "NRW Verbandsklasse Group2 1314"]
[Site "Nordrheinwestfalen"]
[Date "2013.12.15"]
[Round "5.6"]
[White "Gajda, Peter"]
[Black "Richter, Marc"]
[Result "1-0"]
[WhiteElo "1816"]
[BlackElo "1464"]
[PlyCount "105"]
[EventDate "2013.09.08"]
[EventType "team-tourn"]
[EventRounds "9"]
[EventCountry "GER"]
[SourceTitle "EXT 2020"]
[Source "ChessBase"]
[SourceDate "2019.10.17"]
[SourceVersion "1"]
[SourceVersionDate "2019.10.17"]
[SourceQuality "1"]
[WhiteTeam "Kirchhellen SF"]
[BlackTeam "Luenen Horstmar SC"]
[WhiteTeamCountry "GER"]
[BlackTeamCountry "GER"]

1. e4 e5 2. Nc3 Bc5 3. Bc4 Nf6 4. d3 d6 5. h3 h6 6. f4 Nbd7 7. f5 a6 8. Qe2 c6 9. a4 Bb4 10. Bd2 Qa5 11. g4 d5 12. exd5 cxd5 13. Bb3 b5 14. Nxd5 Bxd2+ 15. Qxd2 Qxd2+ 16. Kxd2 Bb7 17. Nxf6+ Nxf6 18. Rh2 0-0 19. Ne2 Rad8 20. Rg1 Ne4+ 21. Kc1 Nc5 22. Ba2 Nxa4 23. g5 hxg5 24. Rxg5 Rd6 25. Ng3 Kh7 26. h4 Bd5 27. Bxd5 Rxd5 28. Ne4 f6 29. Rg6 Nc5 30. h5 Nxe4 31. dxe4 Rd7 32. h6 Kg8 33. Rhg2 Rff7 34. c3 Kh7 35. Kc2 a5 36. Kb3 Rc7 37. Rxg7+ Rxg7 38. Rxg7+ Rxg7 39. hxg7 Kxg7 40. c4 bxc4+ 41. Kxc4 Kh6 42. Kb5 a4 43. Kxa4 Kg5 44. b4 Kf4 45. b5 Kxe4 46. b6 Kxf5 47. b7 e4 48. b8Q Kg4 49. Qh2 f5 50. Qg2+ Kf4 51. Qf2+ Kg4 52. Kb4 f4 53. Kc4 1-0

[Event "Ruhrgebiet VK1 1213"]
[Site "Nordrheinwestfalen"]
[Date "2013.04.07"]
[Round "8.7"]
[White "Richter, Marc"]
[Black "Schuermann, Jan"]
[Result "1/2-1/2"]
[WhiteElo "1358"]
[BlackElo "1836"]
[PlyCount "95"]
[EventDate "2012.09.02"]
[EventType "team-tourn"]
[EventRounds "9"]
[EventCountry "GER"]
[SourceTitle "EXT 2020"]
[Source "ChessBase"]
[SourceDate "2019.10.17"]
[SourceVersion "1"]
[SourceVersionDate "2019.10.17"]
[SourceQuality "1"]
[WhiteTeam "Werne SK"]
[BlackTeam "Muelheim Nord IV"]
[WhiteTeamCountry "GER"]
[BlackTeamCountry "GER"]

1. c4 Nf6 2. Nc3 e5 3. e4 Bc5 4. d3 d6 5. h3 c6 6. g3 0-0 7. Bg2 Be6 8. Nge2 d5 9. b3 h6 10. 0-0 Qd7 11. Kh2 Rd8 12. Bb2 d4 13. Nb1 Qc7 14. Bc1 Nfd7 15. f4 f6 16. f5 Bf7 17. g4 a5 18. a3 b5 19. Nd2 h5 20. Ng3 hxg4 21. Qxg4 Nf8 22. Nh5 Bxh5 23. Qxh5 Qf7 24. Qg4 Nh7 25. Nf3 Nd7 26. Nh4 Nhf8 27. Rg1 Ra7 28. Bf1 Nb6 29. Ng6 Nxg6 30. fxg6 Qd7 31. Qh5 Qe6 32. Be2 Kf8 33. Bg4 Qg8 34. Qf5 bxc4 35. bxc4 Rad7 36. Qf2 Rd6 37. Bf5 Nxc4 38. dxc4 Qxc4 39. Qh4 d3 40. Qh8+ Qg8 41. Qxg8+ Kxg8 42. Bd2 Bxg1+ 43. Kxg1 Rb8 44. Bxa5 Rb5 45. Bc7 Rd4 46. Rd1 Rb2 47. Kf1 Kf8 48. Ba5 1/2-1/2

[Event "Dortmund Sparkassen op-B"]
[Site "Dortmund"]
[Date "2012.07.21"]
[Round "8"]
[White "Bakshi, Raj"]
[Black "Richter, Marc"]
[Result "1-0"]
[WhiteElo "1589"]
[BlackElo "1392"]
[PlyCount "61"]
[EventDate "2012.07.14"]
[EventType "swiss"]
[EventRounds "9"]
[EventCountry "GER"]
[SourceTitle "EXT 2014"]
[Source "ChessBase"]
[SourceDate "2013.11.20"]
[SourceVersion "1"]
[SourceVersionDate "2013.11.20"]
[SourceQuality "1"]

1. Nf3 c5 2. c4 g6 3. Nc3 Nc6 4. g3 Bg7 5. Bg2 e6 6. e4 Nge7 7. d3 d6 8. 0-0 0-0 9. Bg5 f6 10. Be3 g5 11. d4 cxd4 12. Nxd4 Nxd4 13. Bxd4 e5 14. Be3 a6 15. Qd2 Qc7 16. b3 Rd8 17. Rad1 Be6 18. Na4 Nc8 19. Qb4 Bf8 20. Nb6 Rb8 21. Nd5 Bxd5 22. exd5 b6 23. Qd2 Bg7 24. f4 h6 25. fxg5 hxg5 26. Bh3 Re8 27. Qe2 Qf7 28. Bxg5 Qg6 29. Be3 Rf8 30. Be6+ Kh7 31. Bf5 1-0

[Event "Dortmund Sparkassen op-B"]
[Site "Dortmund"]
[Date "2012.07.18"]
[Round "5"]
[White "Vestrick, Frank"]
[Black "Richter, Marc"]
[Result "1-0"]
[WhiteElo "1636"]
[BlackElo "1392"]
[PlyCount "89"]
[EventDate "2012.07.14"]
[EventType "swiss"]
[EventRounds "9"]
[EventCountry "GER"]
[SourceTitle "EXT 2014"]
[Source "ChessBase"]
[SourceDate "2013.11.20"]
[SourceVersion "1"]
[SourceVersionDate "2013.11.20"]
[SourceQuality "1"]

1. d4 Nf6 2. c4 d5 3. Nf3 c6 4. Nc3 e6 5. Bg5 Be7 6. e3 h6 7. Bh4 g5 8. Bg3 Nbd7 9. Qc2 Nh5 10. Bd3 Nxg3 11. hxg3 g4 12. Nd2 Nf6 13. 0-0-0 Qc7 14. Rh2 Bd7 15. Rdh1 h5 16. Ne2 Rh6 17. Nf4 0-0-0 18. Kb1 Bd6 19. Ne2 Rdh8 20. e4 dxe4 21. Nxe4 Nxe4 22. Bxe4 f5 23. Bd3 c5 24. d5 exd5 25. cxd5 Re8 26. Rxh5 Rxh5 27. Rxh5 Qa5 28. Nc3 Re1+ 29. Nd1 Be5 30. Bxf5 Qb4 31. Bxd7+ Kc7 32. Rxe5 Rxe5 33. Be6 Re1 34. Kc1 Qd4 35. Qd2 Qc4+ 36. Qc3 Rxd1+ 37. Kxd1 Qf1+ 38. Kc2 Qe2+ 39. Qd2 Qc4+ 40. Kb1 Qf1+ 41. Qc1 Qd3+ 42. Ka1 Kd6 43. Bxg4 c4 44. Qf4+ Ke7 45. d6+ 1-0

[Event "Ruhrgebiet VL2 0708"]
[Site "Germany"]
[Date "2008.04.27"]
[Round "9.8"]
[White "Ivannikova, Svetlana"]
[Black "Richter, Marc"]
[Result "1/2-1/2"]
[WhiteElo "2159"]
[BlackElo "883"]
[PlyCount "77"]
[EventDate "2007.09.02"]
[EventType "team"]
[EventRounds "9"]
[EventCountry "GER"]
[SourceTitle "EXT 2009"]
[Source "ChessBase"]
[SourceDate "2008.11.26"]
[SourceVersion "1"]
[SourceVersionDate "2008.11.26"]
[SourceQuality "1"]
[WhiteTeam "Dortmund SV"]
[BlackTeam "Werne SK"]
[WhiteTeamCountry "GER"]
[BlackTeamCountry "GER"]

1. d4 e6 2. Nf3 Nc6 3. Bf4 Nf6 4. e3 a6 5. Bd3 Bd6 6. Bxd6 cxd6 7. 0-0 0-0 8. c4 Qb6 9. b3 Nb4 10. Nc3 Re8 11. Na4 Qc6 12. a3 Nxd3 13. Qxd3 b5 14. Nb2 Bb7 15. Rfc1 Qe4 16. Qxe4 Bxe4 17. Nd2 Bf5 18. f3 d5 19. cxd5 exd5 20. Rc3 Rac8 21. Rac1 d6 22. g4 Bd7 23. Kf2 Rxc3 24. Rxc3 Rc8 25. Rxc8+ Bxc8 26. Nd3 h6 27. Nb4 Bb7 28. Nb1 a5 29. Nd3 Kf8 30. Nc3 Bc6 31. h4 Ke7 32. Nf4 g5 33. hxg5 hxg5 34. Nh3 Nh7 35. e4 dxe4 36. Nxe4 Bxe4 37. fxe4 f6 38. Ke3 Nf8 39. Nf2 1/2-1/2